000 00523cam a2200217 4500
001 D3704
008 090401t1983 xxu||||| |||| 00| 0 eng d
035 _a(Sirsi) u74522
041 _aeng
050 _a658.99
100 _aFellows, Richard
245 _aConstruction management in practice
260 _aLondon
_bConstruction Press
_c1983
300 _axiii. 356p. 23cm
350 _a12.5
700 _aLangford, David
700 _aNewcombe, Robert
700 _aUrry, S.
942 _n0
948 _c04/03/1997
999 _c95872
_d95872